[Event "DEM U16w 2024"]
[Site "Willingen GER"]
[Date "2024.05.19"]
[Round "1"]
[White "Trunz, Michelle"]
[Black "Stepanjan, Marianne"]
[Result "1-0"]
[Termination "normal"]
[Board "1"]
[WhiteElo "2049"]
[BlackElo "1769"]
[WhiteClock "00:03:00"]
[BlackClock "00:01:18"]
[PlyCount "77"]
[WhiteFideId "16227980"]
[BlackFideId "16246110"]
[EventCountry "GER"]
[EventRounds "9"]
[EventType "swiss"]
[EventDate "2024.05.18"]

1. d4 {[%clk 01:30:59]} Nf6 {[%clk 01:30:55]} {[%emt 00:00:05]} 2. c4 {[%clk
01:31:25]} {[%emt 00:00:04]} g6 {[%clk 01:31:22]} {[%emt 00:00:03]} 3. Nc3
{[%clk 01:31:51]} {[%emt 00:00:04]} Bg7 {[%clk 01:31:49]} {[%emt 00:00:03]} 4.
e4 {[%clk 01:32:17]} {[%emt 00:00:05]} d6 {[%clk 01:32:16]} {[%emt 00:00:03]}
5. Nf3 {[%clk 01:32:38]} {[%emt 00:00:08]} O-O {[%clk 01:32:40]} {[%emt
00:00:06]} 6. h3 {[%clk 01:33:04]} {[%emt 00:00:04]} c5 {[%clk 01:33:06]}
{[%emt 00:00:05]} 7. d5 {[%clk 01:33:27]} {[%emt 00:00:07]} e6 {[%clk
01:33:29]} {[%emt 00:00:07]} 8. Bd3 {[%clk 01:33:48]} {[%emt 00:00:08]} exd5
{[%clk 01:33:44]} {[%emt 00:00:16]} 9. exd5 {[%clk 01:34:02]} {[%emt 00:00:16]}
Re8+ {[%clk 01:34:08]} {[%emt 00:00:05]} 10. Be3 {[%clk 01:34:25]} {[%emt
00:00:07]} Bf5 {[%clk 01:34:27]} {[%emt 00:00:12]} 11. O-O {[%clk 01:31:39]}
{[%emt 00:03:16]} Ne4 {[%clk 01:33:49]} {[%emt 00:01:08]} 12. Bxe4 {[%clk
01:22:40]} {[%emt 00:09:28]} Bxe4 {[%clk 01:32:45]} {[%emt 00:01:35]} 13. Re1
{[%clk 01:13:28]} {[%emt 00:09:42]} Bxf3 {[%clk 01:13:14]} {[%emt 00:20:00]}
14. Qxf3 {[%clk 01:13:40]} {[%emt 00:00:19]} Nd7 {[%clk 01:12:43]} {[%emt
00:01:00]} 15. Rac1 {[%clk 00:59:03]} {[%emt 00:15:07]} Ne5 {[%clk 01:11:17]}
{[%emt 00:01:57]} 16. Qe2 {[%clk 00:59:28]} {[%emt 00:00:05]} a6 {[%clk
01:01:12]} {[%emt 00:10:35]} 17. a3 {[%clk 00:50:53]} {[%emt 00:09:05]} Qc7
{[%clk 00:49:20]} {[%emt 00:12:22]} 18. Kh2 {[%clk 00:42:23]} {[%emt 00:09:00]}
Re7 {[%clk 00:44:29]} {[%emt 00:05:20]} 19. Bg5 {[%clk 00:34:27]} {[%emt
00:08:26]} f6 {[%clk 00:43:25]} {[%emt 00:01:34]} 20. Bd2 {[%clk 00:32:02]}
{[%emt 00:02:56]} Rae8 {[%clk 00:42:18]} {[%emt 00:01:36]} 21. Qf1 {[%clk
00:30:38]} {[%emt 00:01:54]} Qb6 {[%clk 00:31:02]} {[%emt 00:11:46]} 22. b4
{[%clk 00:26:30]} {[%emt 00:04:38]} cxb4 {[%clk 00:26:46]} {[%emt 00:04:47]}
23. axb4 {[%clk 00:26:59]} Qxb4 {[%clk 00:24:52]} {[%emt 00:02:23]} 24. Ne4
{[%clk 00:27:01]} {[%emt 00:00:28]} Qb6 {[%clk 00:22:01]} {[%emt 00:03:21]} 25.
f3 {[%clk 00:18:39]} {[%emt 00:08:53]} Rc8 {[%clk 00:11:44]} {[%emt 00:10:46]}
26. Be3 {[%clk 00:15:22]} {[%emt 00:03:48]} Qd8 {[%clk 00:10:28]} {[%emt
00:01:46]} 27. c5 {[%clk 00:14:18]} {[%emt 00:01:34]} dxc5 {[%clk 00:10:10]}
{[%emt 00:00:48]} 28. Bxc5 {[%clk 00:12:40]} {[%emt 00:02:08]} Rd7 {[%clk
00:09:04]} {[%emt 00:01:35]} 29. f4 {[%clk 00:09:18]} {[%emt 00:03:52]} Nf7
{[%clk 00:08:13]} {[%emt 00:01:21]} 30. Bb6 {[%clk 00:08:20]} {[%emt 00:01:29]}
Qf8 {[%clk 00:08:08]} {[%emt 00:00:19]} 31. Nc5 {[%clk 00:06:40]} {[%emt
00:02:25]} Re7 {[%clk 00:02:07]} {[%emt 00:06:31]} 32. Red1 {[%clk 00:03:21]}
{[%emt 00:03:49]} Nd6 {[%clk 00:01:39]} {[%emt 00:00:59]} 33. Ne6 {[%clk
00:03:38]} {[%emt 00:00:12]} Qe8 {[%clk 00:01:17]} {[%emt 00:00:50]} 34. Bc5
{[%clk 00:02:36]} {[%emt 00:01:34]} Rd7 {[%clk 00:01:22]} {[%emt 00:00:26]} 35.
Re1 {[%clk 00:02:37]} {[%emt 00:00:28]} Qf7 {[%clk 00:01:28]} {[%emt 00:00:24]}
36. Bxd6 {[%clk 00:02:55]} {[%emt 00:00:11]} Rxc1 {[%clk 00:01:51]} {[%emt
00:00:08]} 37. Rxc1 {[%clk 00:03:24]} {[%emt 00:00:02]} Qe8 {[%clk 00:01:07]}
{[%emt 00:01:10]} 38. Ba3 {[%clk 00:02:38]} {[%emt 00:01:19]} Rxd5 {[%clk
00:01:18]} {[%emt 00:00:20]} 39. Nc7 {[%clk 00:03:00]} {[%emt 00:00:08]} 1-0

[Event "DEM U16w 2024"]
[Site "Willingen GER"]
[Date "2024.05.19"]
[Round "1"]
[White "Margaryan, Venera"]
[Black "Bräutigam, Katerina"]
[Result "0-1"]
[Termination "normal"]
[Board "2"]
[WhiteElo "1774"]
[BlackElo "1988"]
[WhiteClock "00:01:09"]
[BlackClock "00:01:39"]
[PlyCount "66"]
[WhiteFideId "16266226"]
[BlackFideId "16242980"]
[EventCountry "GER"]
[EventRounds "9"]
[EventType "swiss"]
[EventDate "2024.05.18"]

1. d4 {[%clk 01:30:59]} {[%emt 00:00:01]} Nf6 {[%clk 01:30:55]} {[%emt
00:00:05]} 2. Nf3 {[%clk 01:31:24]} {[%emt 00:00:05]} g6 {[%clk 01:31:20]}
{[%emt 00:00:05]} 3. Nc3 {[%clk 01:31:40]} {[%emt 00:00:13]} d5 {[%clk
01:31:43]} {[%emt 00:00:07]} 4. Bf4 {[%clk 01:32:05]} {[%emt 00:00:06]} Bg7
{[%clk 01:32:03]} {[%emt 00:00:09]} 5. e3 {[%clk 01:32:22]} {[%emt 00:00:14]}
c6 {[%clk 01:25:24]} {[%emt 00:07:09]} 6. Be2 {[%clk 01:32:38]} {[%emt
00:00:15]} O-O {[%clk 01:24:41]} {[%emt 00:01:12]} 7. Ne5 {[%clk 01:32:33]}
{[%emt 00:00:35]} Qa5 {[%clk 01:22:19]} {[%emt 00:02:52]} 8. Qd2 {[%clk
01:25:59]} {[%emt 00:07:05]} Nbd7 {[%clk 01:14:20]} {[%emt 00:08:28]} 9. h4
{[%clk 01:19:05]} {[%emt 00:07:24]} h5 {[%clk 01:10:16]} {[%emt 00:04:32]} 10.
f3 {[%clk 01:14:57]} {[%emt 00:04:39]} c5 {[%clk 00:51:37]} {[%emt 00:19:09]}
11. Rg1 {[%clk 01:03:18]} {[%emt 00:12:09]} Rd8 {[%clk 00:38:35]} {[%emt
00:13:32]} 12. g4 {[%clk 00:57:03]} {[%emt 00:06:46]} a6 {[%clk 00:24:02]}
{[%emt 00:15:03]} 13. gxh5 {[%clk 00:46:40]} {[%emt 00:10:53]} Nxh5 {[%clk
00:20:18]} {[%emt 00:04:14]} 14. Bd3 {[%clk 00:30:26]} {[%emt 00:16:44]} Nxf4
{[%clk 00:08:10]} {[%emt 00:12:38]} 15. exf4 {[%clk 00:30:22]} {[%emt
00:00:33]} Nxe5 {[%clk 00:01:46]} {[%emt 00:06:54]} 16. dxe5 {[%clk 00:27:51]}
{[%emt 00:03:01]} c4 {[%clk 00:01:15]} {[%emt 00:01:02]} 17. Bf1 {[%clk
00:17:23]} {[%emt 00:10:58]} d4 {[%clk 00:00:39]} {[%emt 00:01:05]} 18. Ne4
{[%clk 00:11:35]} {[%emt 00:06:18]} Qxd2+ {[%clk 00:00:57]} {[%emt 00:00:13]}
19. Nxd2 {[%clk 00:09:36]} {[%emt 00:02:28]} b5 {[%clk 00:00:36]} {[%emt
00:00:51]} 20. Ne4 {[%clk 00:06:06]} {[%emt 00:04:00]} Bf5 {[%clk 00:00:36]}
{[%emt 00:00:31]} 21. O-O-O {[%clk 00:04:25]} {[%emt 00:02:10]} Bh6 {[%clk
00:00:37]} {[%emt 00:00:29]} 22. Ng5 {[%clk 00:02:39]} {[%emt 00:02:16]} f6
{[%clk 00:00:57]} {[%emt 00:00:11]} 23. exf6 {[%clk 00:02:19]} {[%emt
00:00:50]} exf6 {[%clk 00:01:24]} {[%emt 00:00:03]} 24. Nh3 {[%clk 00:02:05]}
{[%emt 00:00:43]} Kf7 {[%clk 00:01:28]} {[%emt 00:00:26]} 25. Kb1 {[%clk
00:01:21]} {[%emt 00:01:15]} Rac8 {[%clk 00:01:14]} {[%emt 00:00:42]} 26. Bg2
{[%clk 00:00:49]} {[%emt 00:01:03]} c3 {[%clk 00:00:37]} {[%emt 00:01:07]} 27.
b3 {[%clk 00:00:45]} {[%emt 00:00:34]} d3 {[%clk 00:00:41]} {[%emt 00:00:26]}
28. Rc1 {[%clk 00:00:31]} {[%emt 00:00:44]} dxc2+ {[%clk 00:00:44]} {[%emt
00:00:27]} 29. Ka1 {[%clk 00:00:35]} {[%emt 00:00:27]} Rd2 {[%clk 00:00:50]}
{[%emt 00:00:24]} 30. Bf1 {[%clk 00:00:39]} {[%emt 00:00:26]} Rd1 {[%clk
00:00:52]} {[%emt 00:00:28]} 31. Bc4+ {[%clk 00:00:39]} {[%emt 00:00:30]} bxc4
{[%clk 00:01:06]} {[%emt 00:00:16]} 32. Rgxd1 {[%clk 00:00:47]} {[%emt
00:00:21]} cxd1=Q {[%clk 00:01:27]} {[%emt 00:00:09]} 33. Rxd1 {[%clk
00:01:09]} {[%emt 00:00:09]} Bxh3 {[%clk 00:01:39]} {[%emt 00:00:18]} 0-1

[Event "DEM U16w 2024"]
[Site "Willingen GER"]
[Date "2024.05.19"]
[Round "1"]
[White "Müller, Riyanna"]
[Black "Moldovan, Stela"]
[Result "1-0"]
[Termination "normal"]
[Board "3"]
[WhiteElo "1902"]
[BlackElo "1755"]
[WhiteClock "00:09:09"]
[BlackClock "00:03:05"]
[PlyCount "91"]
[WhiteFideId "16287401"]
[BlackFideId "16287380"]
[EventCountry "GER"]
[EventRounds "9"]
[EventType "swiss"]
[EventDate "2024.05.18"]

1. e4 {[%clk 01:30:57]} {[%emt 00:00:02]} c6 {[%clk 01:30:45]} {[%emt
00:00:15]} 2. d4 {[%clk 01:31:21]} {[%emt 00:00:07]} d5 {[%clk 01:31:01]}
{[%emt 00:00:14]} 3. exd5 {[%clk 01:31:26]} {[%emt 00:00:26]} cxd5 {[%clk
01:31:06]} {[%emt 00:00:24]} 4. Bd3 {[%clk 01:31:14]} {[%emt 00:00:42]} Nc6
{[%clk 01:30:20]} {[%emt 00:01:16]} 5. c3 {[%clk 01:31:20]} {[%emt 00:00:24]}
Nf6 {[%clk 01:29:48]} {[%emt 00:01:01]} 6. h3 {[%clk 01:30:48]} {[%emt
00:01:02]} g6 {[%clk 01:25:41]} {[%emt 00:04:38]} 7. Nf3 {[%clk 01:28:50]}
{[%emt 00:02:28]} Qd6 {[%clk 01:23:50]} {[%emt 00:02:15]} 8. O-O {[%clk
01:28:22]} {[%emt 00:01:03]} Bf5 {[%clk 01:23:30]} {[%emt 00:00:50]} 9. Be2
{[%clk 01:28:26]} {[%emt 00:00:27]} h5 {[%clk 01:22:20]} {[%emt 00:01:40]} 10.
Re1 {[%clk 01:19:22]} {[%emt 00:09:33]} Ne4 {[%clk 01:11:19]} {[%emt 00:11:31]}
11. Be3 {[%clk 01:18:26]} {[%emt 00:01:26]} Bg7 {[%clk 01:07:09]} {[%emt
00:04:40]} 12. Nbd2 {[%clk 01:17:40]} {[%emt 00:01:17]} Bh6 {[%clk 01:02:01]}
{[%emt 00:05:38]} 13. Bxh6 {[%clk 01:15:57]} {[%emt 00:02:12]} Rxh6 {[%clk
01:01:14]} {[%emt 00:01:17]} 14. c4 {[%clk 01:03:46]} {[%emt 00:12:41]} e6
{[%clk 00:50:34]} {[%emt 00:11:11]} 15. Rc1 {[%clk 00:58:13]} {[%emt 00:06:01]}
O-O-O {[%clk 00:45:01]} {[%emt 00:06:04]} 16. cxd5 {[%clk 00:57:28]} {[%emt
00:01:15]} exd5 {[%clk 00:44:47]} {[%emt 00:00:44]} 17. Bb5 {[%clk 00:56:52]}
{[%emt 00:01:06]} g5 {[%clk 00:43:12]} {[%emt 00:02:05]} 18. Ne5 {[%clk
00:54:50]} {[%emt 00:02:32]} Qc7 {[%clk 00:41:34]} {[%emt 00:02:04]} 19. Nxe4
{[%clk 00:50:50]} {[%emt 00:04:35]} dxe4 {[%clk 00:39:48]} {[%emt 00:02:15]}
20. Bxc6 {[%clk 00:49:36]} {[%emt 00:01:45]} bxc6 {[%clk 00:39:32]} {[%emt
00:00:46]} 21. Qa4 {[%clk 00:48:34]} {[%emt 00:01:30]} Rdd6 {[%clk 00:38:46]}
{[%emt 00:01:10]} 22. d5 {[%clk 00:42:48]} {[%emt 00:06:23]} c5 {[%clk
00:23:12]} {[%emt 00:16:04]} 23. Red1 {[%clk 00:29:51]} {[%emt 00:13:20]} Rb6
{[%clk 00:21:59]} {[%emt 00:01:43]} 24. Qe8+ {[%clk 00:26:07]} {[%emt
00:04:21]} Kb7 {[%clk 00:21:33]} {[%emt 00:00:55]} 25. Nc4 {[%clk 00:25:39]}
{[%emt 00:00:59]} Rb4 {[%clk 00:16:16]} {[%emt 00:05:24]} 26. d6 {[%clk
00:23:30]} {[%emt 00:03:01]} Qd7 {[%clk 00:16:05]} {[%emt 00:00:40]} 27. Qe5
{[%clk 00:21:40]} {[%emt 00:02:21]} Qc8 {[%clk 00:08:03]} {[%emt 00:08:19]} 28.
d7 {[%clk 00:20:21]} {[%emt 00:02:03]} Bxd7 {[%clk 00:08:18]} {[%emt 00:00:16]}
29. Nd6+ {[%clk 00:20:43]} {[%emt 00:00:07]} Rxd6 {[%clk 00:08:42]} {[%emt
00:00:07]} 30. Qxd6 {[%clk 00:20:56]} {[%emt 00:00:16]} Bc6 {[%clk 00:08:49]}
{[%emt 00:00:22]} 31. Qxc5 {[%clk 00:20:10]} {[%emt 00:01:17]} Rxb2 {[%clk
00:08:49]} {[%emt 00:00:30]} 32. Rb1 {[%clk 00:20:12]} {[%emt 00:00:28]} Rb6
{[%clk 00:09:11]} {[%emt 00:00:08]} 33. Qxg5 {[%clk 00:20:08]} {[%emt
00:00:34]} f5 {[%clk 00:06:54]} {[%emt 00:02:47]} 34. Qxh5 {[%clk 00:19:04]}
{[%emt 00:01:33]} e3 {[%clk 00:05:57]} {[%emt 00:01:28]} 35. Rxb6+ {[%clk
00:18:46]} {[%emt 00:00:48]} axb6 {[%clk 00:06:21]} {[%emt 00:00:07]} 36. fxe3
{[%clk 00:18:05]} {[%emt 00:01:11]} Qg8 {[%clk 00:06:20]} {[%emt 00:00:28]} 37.
Rd2 {[%clk 00:17:10]} {[%emt 00:01:26]} Qc4 {[%clk 00:06:32]} {[%emt 00:00:18]}
38. Qe2 {[%clk 00:16:38]} {[%emt 00:00:56]} Qe4 {[%clk 00:06:38]} {[%emt
00:00:30]} 39. Rd4 {[%clk 00:16:09]} {[%emt 00:01:00]} Qe6 {[%clk 00:06:11]}
{[%emt 00:00:50]} 40. Rf4 {[%clk 00:12:59]} {[%emt 00:03:46]} Qe5 {[%clk
00:05:44]} {[%emt 00:00:53]} 41. Qf2 {[%clk 00:12:09]} {[%emt 00:01:24]} Bd7
{[%clk 00:05:50]} {[%emt 00:00:25]} 42. h4 {[%clk 00:09:59]} {[%emt 00:02:40]}
Be6 {[%clk 00:05:19]} {[%emt 00:01:01]} 43. h5 {[%clk 00:09:00]} {[%emt
00:01:29]} Ka6 {[%clk 00:03:16]} {[%emt 00:02:22]} 44. h6 {[%clk 00:08:45]}
{[%emt 00:00:55]} Qa1+ {[%emt 00:00:48]} 45. Qf1+ {[%clk 00:08:47]} {[%emt
00:00:27]} Qxf1+ {[%clk 00:03:05]} {[%emt 00:00:25]} 46. Rxf1 {[%clk 00:09:09]}
{[%emt 00:00:08]} 0-1

[Event "DEM U16w 2024"]
[Site "Willingen GER"]
[Date "2024.05.19"]
[Round "1"]
[White "Hasselmann, Isabelle Sophia"]
[Black "Haug, Mara"]
[Result "0-1"]
[Termination "normal"]
[Board "4"]
[WhiteElo "1655"]
[BlackElo "1871"]
[WhiteClock "00:53:25"]
[BlackClock "00:25:35"]
[PlyCount "108"]
[WhiteFideId "16266951"]
[BlackFideId "16259300"]
[EventCountry "GER"]
[EventRounds "9"]
[EventType "swiss"]
[EventDate "2024.05.18"]

1. e4 {[%clk 01:30:58]} c5 {[%clk 01:30:53]} {[%emt 00:00:08]} 2. Nc3 {[%clk
01:31:22]} {[%emt 00:00:06]} Nc6 {[%clk 01:31:19]} {[%emt 00:00:05]} 3. Nf3
{[%clk 01:31:44]} {[%emt 00:00:07]} g6 {[%clk 01:31:32]} {[%emt 00:00:17]} 4.
Bb5 {[%clk 01:32:08]} {[%emt 00:00:06]} Nd4 {[%clk 01:29:25]} {[%emt 00:02:37]}
5. Nxd4 {[%clk 01:32:29]} {[%emt 00:00:09]} cxd4 {[%clk 01:29:51]} {[%emt
00:00:05]} 6. Ne2 {[%clk 01:32:49]} {[%emt 00:00:09]} Bg7 {[%clk 01:29:56]}
{[%emt 00:00:25]} 7. O-O {[%clk 01:32:47]} {[%emt 00:00:32]} Qb6 {[%clk
01:28:23]} {[%emt 00:02:01]} 8. Bc4 {[%clk 01:32:02]} {[%emt 00:01:17]} d6
{[%clk 01:25:39]} {[%emt 00:03:14]} 9. Re1 {[%clk 01:28:36]} {[%emt 00:03:56]}
Nf6 {[%clk 01:23:03]} {[%emt 00:03:06]} 10. h3 {[%clk 01:27:04]} O-O {[%clk
01:18:07]} {[%emt 00:07:27]} 11. d3 {[%clk 01:24:58]} Qc5 {[%clk 00:59:41]}
{[%emt 00:21:32]} 12. Ng3 {[%clk 01:15:34]} b5 {[%clk 00:59:41]} 13. Bb3 {[%clk
01:15:34]} a5 {[%clk 00:47:49]} {[%emt 00:23:40]} 14. a3 {[%clk 01:15:11]} Bb7
{[%clk 00:42:57]} {[%emt 00:05:52]} 15. Bd2 {[%emt 00:06:05]} Rfc8 {[%emt
00:02:01]} 16. Rc1 {[%clk 01:12:26]} {[%emt 00:01:40]} Nd7 {[%clk 00:31:04]}
{[%emt 00:06:51]} 17. Qf3 {[%clk 01:06:30]} e6 {[%clk 00:29:14]} {[%emt
00:08:47]} 18. h4 {[%clk 01:01:10]} {[%emt 00:05:50]} Qb6 {[%clk 00:23:50]}
{[%emt 00:05:52]} 19. h5 {[%clk 00:59:15]} {[%emt 00:02:27]} Qd8 {[%clk
00:19:29]} {[%emt 00:04:49]} 20. Bf4 {[%clk 00:50:28]} {[%emt 00:09:19]} Ne5
{[%clk 00:17:25]} {[%emt 00:02:33]} 21. Qd1 {[%clk 00:47:07]} {[%emt 00:03:52]}
Qe7 {[%clk 00:14:31]} {[%emt 00:03:23]} 22. Ne2 {[%clk 00:42:19]} {[%emt
00:05:19]} Nd7 {[%clk 00:12:12]} {[%emt 00:02:48]} 23. Bg3 {[%clk 00:39:47]}
{[%emt 00:03:02]} Nc5 {[%clk 00:11:10]} {[%emt 00:01:32]} 24. Ba2 {[%clk
00:38:50]} {[%emt 00:01:27]} Rd8 {[%clk 00:06:17]} {[%emt 00:05:24]} 25. Nf4
{[%clk 00:38:21]} {[%emt 00:00:59]} Bh6 {[%clk 00:04:52]} {[%emt 00:01:56]} 26.
Rb1 {[%clk 00:38:03]} {[%emt 00:00:47]} Qf6 {[%clk 00:04:27]} {[%emt 00:00:53]}
27. Nh3 {[%clk 00:35:21]} {[%emt 00:03:13]} e5 {[%clk 00:02:31]} {[%emt
00:02:27]} 28. Qg4 {[%clk 00:34:25]} {[%emt 00:01:26]} Bc8 {[%clk 00:02:05]}
{[%emt 00:00:56]} 29. Qe2 {[%clk 00:34:14]} {[%emt 00:00:39]} Be6 {[%clk
00:01:59]} {[%emt 00:00:38]} 30. Bxe6 {[%clk 00:33:59]} {[%emt 00:00:45]} Nxe6
{[%clk 00:02:11]} {[%emt 00:00:17]} 31. hxg6 {[%clk 00:32:36]} {[%emt
00:01:53]} fxg6 {[%clk 00:02:11]} {[%emt 00:00:31]} 32. Kh1 {[%clk 00:27:27]}
{[%emt 00:05:39]} Rf8 {[%clk 00:01:33]} {[%emt 00:01:07]} 33. Ng1 {[%clk
00:27:16]} {[%emt 00:00:42]} Bf4 {[%clk 00:01:14]} {[%emt 00:00:49]} 34. Bxf4
{[%clk 00:26:58]} {[%emt 00:00:48]} Qxf4 {[%clk 00:01:41]} {[%emt 00:00:03]}
35. Nf3 {[%clk 00:27:08]} {[%emt 00:00:20]} Ng5 {[%clk 00:01:37]} {[%emt
00:00:34]} 36. Nxg5 {[%clk 00:27:25]} {[%emt 00:00:13]} Qxg5 {[%clk 00:02:05]}
{[%emt 00:00:02]} 37. Kg1 {[%clk 00:27:13]} {[%emt 00:00:42]} Rf7 {[%clk
00:01:40]} {[%emt 00:00:54]} 38. Rbd1 {[%clk 00:26:07]} {[%emt 00:01:36]} Rc8
{[%clk 00:01:30]} {[%emt 00:00:39]} 39. Qd2 {[%clk 00:25:53]} {[%emt 00:00:46]}
Qxd2 {[%clk 00:01:52]} {[%emt 00:00:07]} 40. Rxd2 {[%clk 00:26:20]} {[%emt
00:00:03]} Rfc7 {[%clk 00:01:41]} {[%emt 00:00:41]} 41. Rc1 {[%clk 00:26:29]}
{[%emt 00:00:21]} b4 {[%clk 00:28:15]} {[%emt 00:03:56]} 42. axb4 {[%clk
00:53:30]} {[%emt 00:03:29]} axb4 {[%clk 00:26:50]} {[%emt 00:01:55]} 43. b3
{[%clk 00:53:48]} {[%emt 00:00:12]} Rc3 {[%clk 00:26:19]} {[%emt 00:01:01]} 44.
Ra1 {[%clk 00:52:17]} {[%emt 00:02:02]} Rxc2 {[%clk 00:25:12]} {[%emt
00:01:36]} 45. Rxc2 {[%clk 00:52:40]} {[%emt 00:00:07]} Rxc2 {[%clk 00:25:40]}
{[%emt 00:00:02]} 46. Ra4 {[%clk 00:53:04]} {[%emt 00:00:07]} Rc1+ {[%clk
00:25:35]} {[%emt 00:00:35]} 47. Kh2 {[%clk 00:53:25]} Rc3 {[%clk 00:25:35]}
48. Rxb4 {[%clk 00:53:25]} Rxd3 {[%clk 00:25:35]} 49. Rb8+ {[%clk 00:53:25]}
Kg7 {[%clk 00:25:35]} 50. b4 {[%clk 00:53:25]} Rb3 {[%clk 00:25:35]} 51. b5
{[%clk 00:53:25]} Kh6 {[%clk 00:25:35]} 52. g3 {[%clk 00:53:25]} Rb4 {[%clk
00:25:35]} 53. Kg2 {[%clk 00:53:25]} d3 54. Kf3 Rd4 0-1

[Event "DEM U16w 2024"]
[Site "Willingen GER"]
[Date "2024.05.19"]
[Round "1"]
[White "Wilmink, Anna"]
[Black "Englert, Lin"]
[Result "1-0"]
[Termination "normal"]
[Board "5"]
[WhiteElo "1903"]
[BlackElo "1725"]
[WhiteClock "00:50:04"]
[BlackClock "00:44:14"]
[PlyCount "51"]
[WhiteFideId "16273680"]
[BlackFideId "16226410"]
[EventCountry "GER"]
[EventRounds "9"]
[EventType "swiss"]
[EventDate "2024.05.18"]

1. e4 {[%clk 01:30:58]} {[%emt 00:00:01]} c5 {[%clk 01:30:56]} {[%emt
00:00:05]} 2. Nf3 {[%clk 01:31:22]} {[%emt 00:00:05]} Nc6 {[%clk 01:31:22]}
{[%emt 00:00:04]} 3. c3 {[%clk 01:31:44]} {[%emt 00:00:08]} g6 {[%clk
01:30:36]} {[%emt 00:01:16]} 4. d4 {[%clk 01:32:05]} {[%emt 00:00:09]} cxd4
{[%clk 01:30:33]} {[%emt 00:00:33]} 5. cxd4 {[%clk 01:32:28]} {[%emt 00:00:08]}
d5 {[%clk 01:29:34]} {[%emt 00:01:29]} 6. exd5 {[%clk 01:31:47]} {[%emt
00:01:12]} Qxd5 {[%clk 01:27:58]} {[%emt 00:02:05]} 7. Nc3 {[%clk 01:31:57]}
{[%emt 00:00:20]} Qd8 {[%clk 01:25:46]} {[%emt 00:02:42]} 8. d5 {[%clk
01:30:22]} {[%emt 00:02:04]} Nb8 {[%clk 01:24:23]} {[%emt 00:01:53]} 9. Bb5+
{[%clk 01:29:16]} {[%emt 00:01:36]} Bd7 {[%clk 01:23:24]} {[%emt 00:01:30]} 10.
O-O {[%clk 01:26:36]} {[%emt 00:03:10]} Bg7 {[%clk 01:20:02]} {[%emt 00:03:52]}
11. Re1 {[%clk 01:19:05]} {[%emt 00:08:00]} Nf6 {[%clk 01:19:16]} {[%emt
00:01:16]} 12. Qe2 {[%clk 01:15:39]} {[%emt 00:03:57]} Bxb5 {[%clk 01:10:10]}
{[%emt 00:09:36]} 13. Qxb5+ {[%clk 01:14:45]} {[%emt 00:01:24]} Qd7 {[%clk
01:09:09]} {[%emt 00:01:30]} 14. Qe2 {[%clk 01:05:47]} {[%emt 00:09:28]} Na6
{[%clk 01:01:19]} {[%emt 00:08:20]} 15. Bf4 {[%clk 00:58:16]} {[%emt 00:08:01]}
Rd8 {[%clk 00:53:03]} {[%emt 00:08:46]} 16. Ne5 {[%clk 00:55:42]} {[%emt
00:03:05]} Qc8 {[%clk 00:47:35]} {[%emt 00:05:58]} 17. Nxg6 {[%clk 00:53:58]}
{[%emt 00:02:14]} Rd7 {[%clk 00:46:24]} {[%emt 00:01:41]} 18. Nxe7 {[%clk
00:52:29]} {[%emt 00:01:58]} Qa8 {[%clk 00:44:20]} {[%emt 00:02:34]} 19. Ng6+
{[%clk 00:51:48]} {[%emt 00:01:12]} Kd8 {[%clk 00:44:36]} {[%emt 00:00:14]} 20.
Nxh8 {[%clk 00:52:05]} {[%emt 00:00:12]} Bxh8 {[%clk 00:45:00]} {[%emt
00:00:06]} 21. Bg5 {[%clk 00:52:01]} {[%emt 00:00:34]} Kc8 {[%clk 00:44:39]}
{[%emt 00:00:52]} 22. Rac1 {[%clk 00:50:13]} {[%emt 00:02:17]} Nc7 {[%clk
00:44:10]} {[%emt 00:01:00]} 23. Nb5 {[%clk 00:49:54]} {[%emt 00:00:49]} a6
{[%clk 00:44:14]} {[%emt 00:00:26]} 24. Qe8+ {[%clk 00:49:21]} {[%emt
00:01:02]} Rd8 {[%clk 00:43:49]} {[%emt 00:00:55]} 25. Rxc7+ {[%clk 00:49:41]}
{[%emt 00:00:11]} Kb8 {[%clk 00:44:14]} {[%emt 00:00:05]} 26. Qxd8# {[%clk
00:50:04]} {[%emt 00:00:06]} 1-0